000 00643nam a2200205 i 4500
001 186572
003 SpMaBN
005 20230906222710.0
008 161128s1957 fr |||| | fre d
080 _a16
100 1 _aBlanché, Robert.
_9141148
245 1 0 _aIntroduction à la logique contemporaine /
_cRobert Blanché.
260 _aParis :
_bArmand Colin,
_c[1957]
300 _a208 p. ;
_c17 cm.
490 1 _aCollection Armand Colin ;
_v322
650 7 _aLógica.
_914693
830 0 _aCollection Armand Colin ;
_v322
_9184182
852 _aES-MaACL
_jL-30929
_z. - Biblioteca Jacinto Martínez Lacalle
999 _c186572
_d186572